Score 0/20 Timer 04:00
0 Plays Today
% Correct
cocaine
89.8%
bottles of wine
85.8%
laser pointers
85.7%
drones
85.7%
pepper spray
84.6%
air horns
83.9%
cremated remains
81.5%
handcuffs
81.4%
fire extinguishers
79.6%
megaphones
78.1%
% Correct
baseball bats
76.2%
squirt guns
75.2%
pogo sticks
75.2%
bicycles
69.3%
pets
67.7%
trumpets
64.3%
wheeled suitcases
59.8%
selfie sticks
54.4%
duct tape
54.1%
wagons
44.5%
Remove Ads.
Support Sporcle.
Get the best of Sporcle when you Go Orange. This ad-free experience offers more features, more stats, and more fun while also helping to support Sporcle. Thank you for becoming a member.

You're not logged in!

Compare scores with friends on all Sporcle quizzes.
OR
Log In

Sporcle TV

Today on Sporcle TV


Watch our educational content, quiz creation guides, and fun videos on Sporcle TV.

Show Comments

Extras

Top Quizzes Today


Score Distribution

Paid Content

Your Account Isn't Verified!

In order to create a playlist on Sporcle, you need to verify the email address you used during registration. Go to your Sporcle Settings to finish the process.

Report this User

Report this user for behavior that violates our Community Guidelines.

Details: